| 000 | 00771nmc a2200277 a 4500 | ||
|---|---|---|---|
| 003 | AR-BaBNM | ||
| 005 | 20251128211812.0 | ||
| 008 | 016020s1996 ||||||||||||||000 | spa|| | ||
| 020 | _a0-8442-7100-4 | ||
| 040 | _cAR-BaBNM | ||
| 100 | 1 | _aSpears, Richard A. | |
| 245 | 1 | 0 |
_aModismos americanos esenciales _bessential american idioms for spanish speakers |
| 260 |
_aIllinois _bNTC Publishing Group _c1996 |
||
| 300 | 0 | _a257 p. | |
| 490 | 0 | _aNTC English-Language Reference | |
| 500 | 0 | _aContiene índice de frases españolas | |
| 650 | 4 | _aINGLES | |
| 650 | 4 | _aLEXICOGRAFIA | |
| 650 | 4 | _aLINGUISTICA | |
| 651 | 4 | _aEstados Unidos | |
| 653 | 0 | _aMODISMOS | |
| 655 | _aREFERENCIA | ||
| 700 | 1 |
_aSkolnik, Deborah _eeditor |
|
| 942 | _cBK | ||
| 998 | _cme-solo cat | ||
| 999 |
_c21182 _d21182 |
||